000 00294nam a22001337a 4500
008 180117b xxu||||| |||| 00| 0 eng d
020 _a9780737707069
041 _aeng
080 _a94
100 _a16
101 _aHIS
245 _aThe technological revolution
_cLeone,D
942 _2udc
_cBK
999 _c40398
_d40398